Real Madrid Squad Champions League 2025/2026 - Statistics

General Stats
  • This quiz has been taken 101 times
  • The average score is 23 of 25
Answer Stats
Picture Answer % Correct
Thibaut Courtois
100%
Kylian Mbappé
99%
Jude Bellingham
98%
Trent Alexander-Arnold
98%
Vinícius Junior
98%
Aurelién Tchouaméni
96%
Eduardo Camavinga
96%
Rodrygo
96%
Antonio Rüdiger
95%
Dani Carvajal
95%
Endrick
95%
Andriy Lunin
94%
Arda Güler
94%
David Alaba
94%
Federico Valverde
94%
Ferland Mendy
94%
Éder Militão
93%
Dean Huijsen
92%
Raúl Asencio
89%
Brahim Díaz
87%
Fran García
87%
Álvaro Carreras
83%
Dani Ceballos
80%
Franco Mastantuono
69%
Gonzalo
65%
No matching quizzes found
Score Distribution
Percent of People with Each Score
Percentile by Number Answered
Your Score History
You have not taken this quiz